000 00875nam a2200229Ii 4500
003 JO-AjNU
008 230605s9999||||xx |||||||||||||| ||und||
017 _a21382
020 _a978-977-386-450-2
040 _aJO-AjNU
_bara
_erda
_cJO-AjNU
041 _aara
050 1 4 _aK7040.2013
100 3 _a السبعاوي ، ياسر باسم ذنون ، الدليمى ، اجياد ثامر ,
_eauthor
_944561
245 0 0 _aبحوث ودراسات فى القانون الخاص
250 _a(د،ط)
264 3 1 _aمصر ، الامارات : دار الكتب القانونية ،2013 ، مصر ، الامارات : دار شتات ، 2013
300 _a288ص
_bيشتمل على مصادر ص ( 275 - 278 )
336 _atext
_btxt
_2rdacontent
337 _aunmediated
_bn
_2rdamedia
338 _avolume
_bnc
_2rdacarrier
650 4 _aقانون خاص
_944562
999 _aA19250
_c22818
_d22818